00976naa a2200205 i 4500001000400000003000400004005001700008008003900025040000800064080001100072100014700083245008500230260001000315500002600325650001500351650001600366655003000382711015500412773020300567BPPBPK20160107122200.0150112s1991 pl f |100 0 pol cBPK a633.49 aFLESZAR, Józef.d1975 - 1996.bWyższa Szkoła Inżynierska w Koszalinie - Wydział Mechaniczny,cZakład Maszyn i Urządzeń Rolniczych aDźwigniowo- pneumatyczny separator kamieni od ziemniaków /cJózef Fleszar. c1991. aDane z kartoteki bpp. 0aZiemniaki. 0aPneumatyka. 0aMateriały konferencyjne. aProblemy budowy i eksploatacji maszyn i urządzeń rolniczych : Sympozjum im. prof. Czesława Kanafojskiegon(5 ;d1991.09.23-24 ;cPłock, Polska). iW :tProblemy budowy i eksploatacji maszyn i urządzeń rolniczych : referaty i komunikaty V Sympozjum im. prof. Czesława Kanafojskiego. -dWarszawa : Politechnika Warszawska, 1991. -gs. 198-201